| 000 | 00000nam##2200000za#4500 |
| 001 | 9.571824 |
| 003 | CaOODSP |
| 005 | 20210624182921 |
| 007 | cr ||||||||||| |
| 008 | 150406|1999||||xxc|||||o f|0| 0 eng|d |
| 040 | |aCaOODSP|beng |
| 043 | |an-cn--- |
| 086 | 1 |aNH18-24/7E-PDF |
| 110 | 2 |aCanada Mortgage and Housing Corporation. |
| 245 | 10|aAfter the flood |h[electronic resource] |
| 260 | |aOttawa - Ontario : |bCanada Mortgage and Housing Corporation |cc1999. |
| 300 | |a4p. |
| 490 | 1 |aAbout your house |vCE7 |
| 590 | |a11-23-Supp|b2011-10-17 |
| 690 | 07|aHome renovations|2gcpds |
| 690 | 07|aSafety measures|2gcpds |
| 775 | 08|tAprès une inondation |w(CaOODSP)9.602247 |
| 776 | 0#|tAfter the flood |w(CaOODSP)9.615628 |
| 830 | #0|aAbout your house ;|vCE7|w(CaOODSP)9.505388 |
| 856 | 40|ahttp://publications.gc.ca|qPDF|s28 KB|uhttps://publications.gc.ca/collections/Collection/NH18-24-7E.pdf|yCE7 |